000 00687nam a2200241Ia 4500
001 11413
003 GE_BSU
008 181216s||||||||xx |||||||||||||| ||und||
040 _cGE_BSU
080 _a37
100 _aHamilton Edwin
245 _aAdult education for community development
245 _cforeword by William D. Dowling
260 _aNew york
260 _bgreewood press
260 _c1992
300 _a162p.24cm.
520 _aშემოსულია ტემპუსის პროექტით
541 _h166Gel
653 _aAdult education for community development
653 _aტემპუსის პროექტით
942 _cBK
999 _c44610
_d44610